[Event "SUI-chT"]
[Site "Switzerland"]
[Date "2012.10.21"]
[Round "9.6"]
[White "Gruenenwald, Joerg"]
[Black "Gloor, Roger"]
[Result "1/2-1/2"]
[WhiteElo "2318"]
[BlackElo "2249"]
[PlyCount "94"]
[EventDate "2012.03.18"]
[EventType "team-tourn"]
[EventRounds "9"]
[EventCountry "SUI"]
[SourceTitle "EXT 2013"]
[Source "ChessBase"]
[SourceDate "2012.11.22"]
[SourceVersion "1"]
[SourceVersionDate "2012.11.22"]
[SourceQuality "1"]
[WhiteTeam "Zuerich"]
[BlackTeam "Luzern"]
[WhiteTeamCountry "SUI"]
[BlackTeamCountry "SUI"]

1. d4 Nf6 2. c4 e6 3. Nf3 b6 4. a3 Bb7 5. Nc3 d5 6. Bg5 Be7 7. Qa4+ Bc6 8. Qb3 dxc4 9. Qxc4 0-0 10. e3 Bb7 11. Be2 a6 12. 0-0 b5 13. Qa2 Nbd7 14. Rfd1 Nd5 15. Bxe7 Qxe7 16. Rac1 c5 17. dxc5 Nxc5 18. b4 Nxc3 19. Rxc3 Ne4 20. Rc2 Rac8 21. Rdc1 Rxc2 22. Qxc2 Qf6 23. Bd3 Nd6 24. Bxh7+ Kh8 25. Bd3 Rc8 26. Qd1 Rxc1 27. Qxc1 Bxf3 28. gxf3 Qxf3 29. Qc2 Qg4+ 30. Kf1 f5 31. Qe2 Qh3+ 32. Kg1 e5 33. Qf1 Qg4+ 34. Qg2 Qxg2+ 35. Kxg2 e4 36. Be2 g5 37. Kf1 Kg7 38. Ke1 Kf6 39. Kd2 Ne8 40. Kc3 Ke5 41. a4 Nc7 42. axb5 axb5 43. Kb3 f4 44. exf4+ Kxf4 45. Kc3 e3 46. fxe3+ Kxe3 47. Bg4 Nd5+ 1/2-1/2

[Event "SUI-chT"]
[Site "Switzerland"]
[Date "2012.09.23"]
[Round "7.7"]
[White "Gloor, Roger"]
[Black "Gerber, Richard"]
[Result "1/2-1/2"]
[WhiteElo "2249"]
[BlackElo "2412"]
[PlyCount "90"]
[EventDate "2012.03.18"]
[EventType "team-tourn"]
[EventRounds "9"]
[EventCountry "SUI"]
[SourceTitle "EXT 2013"]
[Source "ChessBase"]
[SourceDate "2012.11.22"]
[SourceVersion "1"]
[SourceVersionDate "2012.11.22"]
[SourceQuality "1"]
[WhiteTeam "Luzern"]
[BlackTeam "Geneve"]
[WhiteTeamCountry "SUI"]
[BlackTeamCountry "SUI"]

1. e4 c5 2. Nf3 d6 3. d4 cxd4 4. Nxd4 Nf6 5. Nc3 g6 6. Be3 Bg7 7. f3 Nc6 8. Qd2 0-0 9. 0-0-0 d5 10. exd5 Nxd5 11. Nxc6 bxc6 12. Bd4 Bxd4 13. Qxd4 Qb6 14. Na4 Qc7 15. Nc5 Rb8 16. Bc4 Qb6 17. Bb3 e5 18. Qf2 a5 19. Rd2 Nf4 20. Re1 Nxg2 21. Rxe5 Nf4 22. Qd4 Ne6 23. Nxe6 Bxe6 24. Qxb6 Rxb6 25. Rxa5 Bxb3 26. cxb3 Re8 27. Rc5 Re1+ 28. Kc2 Rf1 29. Rc3 Kg7 30. a3 h5 31. b4 h4 32. Kb3 c5 33. Rxc5 Rxf3+ 34. Rc3 Rf4 35. Rc4 Rf3+ 36. Ka4 g5 37. Ka5 Rg6 38. b5 g4 39. b6 g3 40. hxg3 hxg3 41. Rb4 Rf5+ 42. Rb5 g2 43. Rxf5 g1Q 44. Rdf2 Rg5 45. Ka6 Rxf5 1/2-1/2

[Event "Biel MTO op 45th"]
[Site "Biel"]
[Date "2012.08.03"]
[Round "11"]
[White "Roiz, Michael"]
[Black "Gloor, Roger"]
[Result "1-0"]
[WhiteElo "2615"]
[BlackElo "2251"]
[PlyCount "77"]
[EventDate "2012.07.23"]
[EventType "swiss"]
[EventRounds "11"]
[EventCountry "SUI"]
[SourceTitle "CBM 149 Extra"]
[Source "ChessBase"]
[SourceDate "2012.08.24"]
[SourceVersion "1"]
[SourceVersionDate "2012.08.24"]
[SourceQuality "1"]

1. e4 c5 2. Nf3 e6 3. c4 d6 4. d4 cxd4 5. Nxd4 Nf6 6. Nc3 a6 7. Bd3 Nbd7 8. 0-0 Qc7 9. b3 g6 10. Ba3 Qa5 11. Bb2 Bg7 12. Bc2 0-0 13. Qd2 d5 14. cxd5 exd5 15. exd5 Nxd5 16. Rad1 N7f6 17. Nxd5 Qxd5 18. Qc1 Qh5 19. b4 b6 20. Bb3 Bb7 21. Qc7 Bd5 22. Qxb6 Ng4 23. h3 Bxg2 24. Kxg2 Qg5 25. Rg1 Ne3+ 26. Kf3 Qh5+ 27. Kxe3 Rfe8+ 28. Kd2 Rac8 29. Qb7 Kh8 30. Qf3 Qh4 31. Rg4 Qe7 32. Qxf7 Qxb4+ 33. Kd3 Qd6 34. Qd5 Qf6 35. Qf3 Qb6 36. Re4 Red8 37. Ke2 Rf8 38. Qe3 Qa5 39. Kf1 1-0

[Event "Biel MTO op 45th"]
[Site "Biel"]
[Date "2012.07.23"]
[Round "1"]
[White "Gloor, Roger"]
[Black "Bauer, Christian"]
[Result "1-0"]
[WhiteElo "2251"]
[BlackElo "2681"]
[PlyCount "215"]
[EventDate "2012.07.23"]
[EventType "swiss"]
[EventRounds "11"]
[EventCountry "SUI"]
[SourceTitle "CBM 149 Extra"]
[Source "ChessBase"]
[SourceDate "2012.08.24"]
[SourceVersion "1"]
[SourceVersionDate "2012.08.24"]
[SourceQuality "1"]

1. e4 d5 2. exd5 Qxd5 3. Nc3 Qa5 4. g3 Nf6 5. Bg2 Bg4 6. Nge2 Nc6 7. h3 Bh5 8. b4 Nxb4 9. Bxb7 Rb8 10. Bg2 Bxe2 11. Nxe2 Qa4 12. 0-0 Qxc2 13. Ba3 Qxd1 14. Raxd1 e6 15. Rc1 Bd6 16. Rc4 a5 17. Nc3 0-0 18. g4 Rfd8 19. Rb1 Nd7 20. Ne4 Ne5 21. Nxd6 cxd6 22. Rc7 d5 23. d4 Nec6 24. Bxb4 Nxd4 25. a3 axb4 26. axb4 g5 27. Bf1 Rd6 28. b5 Rdb6 29. Rc5 Nf3+ 30. Kg2 Nd2 31. Rb2 Nxf1 32. Kxf1 Kf8 33. Ke2 Ke7 34. Rc7+ Ke8 35. Ra2 R6b7 36. Ra8 Rxc7 37. Rxb8+ Kd7 38. b6 Rc2+ 39. Ke1 Rb2 40. Rb7+ Kd6 41. Rxf7 Rxb6 42. Rxh7 Ke5 43. Rg7 Kf4 44. Rf7+ Ke4 45. Rg7 Rb1+ 46. Kd2 Rb2+ 47. Ke1 Kd3 48. Kf1 d4 49. Rxg5 Rb1+ 50. Kg2 Kc4 51. Rg8 d3 52. Rc8+ Kb3 53. Rb8+ Kc2 54. Rc8+ Kd1 55. Rd8 d2 56. h4 Ke2 57. h5 d1Q 58. Rxd1 Rxd1 59. h6 Rf1 60. g5 Rxf2+ 61. Kg3 Rf1 62. h7 Rh1 63. g6 Ke3 64. Kg4 Rg1+ 65. Kh5 Kf4 66. g7 Kf5 67. Kh4 Rg4+ 68. Kh3 Rxg7 69. h8Q Kf6 70. Kh4 Kf7 71. Qc8 Rg8 72. Qd7+ Kf6 73. Qd4+ Ke7 74. Kh5 Rf8 75. Kg6 Rg8+ 76. Kh7 Rg2 77. Qe4 Rd2 78. Qh4+ Kd7 79. Qa4+ Ke7 80. Qb4+ Rd6 81. Kg6 Kd7 82. Qb7+ Kd8 83. Kf6 e5+ 84. Kxe5 Rd7 85. Qb6+ Ke7 86. Qc6 Kd8 87. Qb6+ Ke7 88. Qb4+ Kf7 89. Qc5 Re7+ 90. Kf5 Rd7 91. Qe5 Re7 92. Qb5 Kf8 93. Qc5 Kf7 94. Qc6 Kf8 95. Qc8+ Kg7 96. Qd8 Kf7 97. Qc8 Kg7 98. Qb8 Kf7 99. Qd8 Re1 100. Qf6+ Kg8 101. Qd8+ Kf7 102. Qd5+ Kf8 103. Qc5+ Ke8 104. Qb5+ Kf7 105. Qc4+ Ke8 106. Kf6 Kd8 107. Qd3+ Ke8 108. Qb5+ 1-0